1465 1340 1679 1480 1091 1421 1643 1929 1317 1001 1538 1056 1448 1667 1805 1456 1786 1526 1195 1282 1617 1206 1934 1767 1894 1199 1500 1974 1044 1465 1528 1119 1716 1778 1651 1198 1763 1528 1539 1947 1063 1863 1403 1510 1477 1296 1896 1319 1061 1523 1157 1981 1126 1616 1803 1096 1709 1429 1796 1559 1914 1279 1270 1420 1697 1044 1665 1774 1533 1455 1952 1202 1511 1772 1570 1580 1185 1292 1458 1788 1655 1008 1857 1110 1170 1726 1116 1783 1559 1934 1886 1612 1372 1528 1616 1986 1148 1591 1775 BCNSPRNW ULIB Ver.6.0+V

เปลี่ยนเป็นภาษาไทย

Change to English
 แสดงรายละเอียดบรรณานุกรม
  กลับหน้าหลัก

Brief Record : Get Marc (ISO 2709) : E-mail record : QR code < ปิดหน้าต่าง
LEADER : 00000nam 2200000uu 4500
001    13399126945
003     ULIB
008    190912s2561||||th 000 0 tha d
020    ^a9786164788343
060    ^aWY160^bม614ก
100    ^aมุกข์ดา ผดุงยาม
245    ^aการพยาบาลสุขภาพจิตและจิตเวชศาสตร์ Mental Health and Psychiatric Nursing แนวข้อสอบพร้อมเฉลย
250    ^aพิมพ์ครั้งที่ 1
260    ^aกรุงเทพฯ :^bนีโอดิจิตอล,^c2561
300    ^a260 หน้า^bภาพประกอบ, ตาราง, ภาคผนวก
650    ^aการพยาบาลจิตเวชศาสตร์
650    ^aสุขภาพจิต
650    ^aจิตเวชศาสตร์
945    ^p280^l0^i27666
945    ^p280^l0^i27665
945    ^p280^l0^i27664
945    ^p280^l0^i27663
945    ^p280^l0^i27662
999    ^aกัณชพร จุลอักษร
รายการนี้ยังไม่มีแท็ก
คุณยังไม่ได้ล็อกอิน คุณสามารถมีกิจกรรมร่วมกับเว็บไซต์ได้ แต่ต้องล็อกอินก่อน ::
  ล็อกอิน

รายการสื่อสารสนเทศ

ลำดับที่ ประเภท เลขเรียก/บาร์โค้ด สถานที่ สถานะ
1. หนังสือสำรอง
หนังสือสำรอง
WY160 ม614ก ฉ.1 
  Barcode: 27662
ห้องสมุดวิทยาเขตนครสวรรค์
►หนังสือทั่วไป:l:General Books
บนชั้น
2. วิทยาศาสตร์การแพทย์ และสุขภาพ
วิทยาศาสตร์การแพทย์ และสุขภาพ
WY160 ม614ก ฉ.2 
  Barcode: 27663
ห้องสมุดวิทยาเขตนครสวรรค์
►หนังสือทั่วไป:l:General Books
บนชั้น
3. วิทยาศาสตร์การแพทย์ และสุขภาพ
วิทยาศาสตร์การแพทย์ และสุขภาพ
WY160 ม614ก ฉ.3 
  Barcode: 27664
ห้องสมุดวิทยาเขตนครสวรรค์
►หนังสือทั่วไป:l:General Books
บนชั้น
4. วิทยาศาสตร์การแพทย์ และสุขภาพ
วิทยาศาสตร์การแพทย์ และสุขภาพ
WY160 ม614ก ฉ.4 
  Barcode: 27665
ห้องสมุดวิทยาเขตนครสวรรค์
►หนังสือทั่วไป:l:General Books
บนชั้น
5. วิทยาศาสตร์การแพทย์ และสุขภาพ
วิทยาศาสตร์การแพทย์ และสุขภาพ
WY160 ม614ก ฉ.5 
  Barcode: 27666
ห้องสมุดวิทยาเขตนครสวรรค์
►หนังสือทั่วไป:l:General Books
บนชั้น

รายการใกล้เคียง
    ชื่อเรื่อง [การพยาบาลสุขภาพจิตและจิตเวชศาสตร์ Mental Health and Psychiatric Nursing แนวข้อสอบพร้อมเฉลย]

    ผู้แต่ง [มุกข์ดา ผดุงยาม]

    หัวเรื่อง [การพยาบาลจิตเวชศาสตร์]
    หัวเรื่อง [สุขภาพจิต]
    หัวเรื่อง [จิตเวชศาสตร์]

BibComment


ยังไม่เคยถูกคอมเมนท์

คอมเมนท์ทรัพยากรรายการนี้
  คอมเมนท์: การพยาบาลสุขภาพจ..


 Copyright 2026. Bcnsprnw @Library